Encuesta sobre la cultura de los ladinos en Guatemala /
Estudio de las culturas de ladinos rurales, semi-urbanos y urbanos de Guatemala. Contiene una delimitación general bastante precisa entre los dos grandes grupos culturales de Guatemala, así como una exposición de los procesos mediante los cuales los miembros del grupo indígena se están convirtiendo...
Guardat en:
| Autor principal: | |
|---|---|
| Format: | Llibre |
| Idioma: | espanyol |
| Publicat: |
Guatemala, Guatemala :
Ministerio de Educación Pública,
1956, c1956
|
| Col·lecció: | (Seminario de Integración Social Guatemalteca ;
2) |
| Matèries: | |
| Etiquetes: |
Sense etiquetes, Sigues el primer a etiquetar aquest registre!
|
MARC
| LEADER | 00000nam^a2200000^a^4500 | ||
|---|---|---|---|
| 001 | 000121819 | ||
| 005 | 20250521000000.0 | ||
| 009 | 20260310094441.483 | ||
| 037 | |a Acervo ITESO - Biblioteca | ||
| 041 | |a ESP | ||
| 082 | |a 306. 0899707281 |b ADA | ||
| 100 | |a Adams, Richard N. |e (autor) | ||
| 245 | 1 | 0 | |a Encuesta sobre la cultura de los ladinos en Guatemala / |c R.N. Adams ; tr. por Joaquín Noval. |
| 264 | 4 | |a Guatemala, Guatemala : |b Ministerio de Educación Pública, |c 1956, c1956 | |
| 300 | |a 288 p. | ||
| 336 | |a texto |b txt |2 rdacontenido | ||
| 337 | |a sin mediación |b n |2 rdamedio | ||
| 338 | |a volumen |b nc |2 rdasoporte | ||
| 440 | 1 | |a (Seminario de Integración Social Guatemalteca ; |v 2) | |
| 500 | |a Traducción de: Culture Survey of Central America | ||
| 520 | |a Estudio de las culturas de ladinos rurales, semi-urbanos y urbanos de Guatemala. Contiene una delimitación general bastante precisa entre los dos grandes grupos culturales de Guatemala, así como una exposición de los procesos mediante los cuales los miembros del grupo indígena se están convirtiendo en miembros del grupo ladino. | ||
| 649 | |a XX | ||
| 650 | |a Ladinos Guatemaltecos - |x Condiciones Sociales y Culturales | ||
| 650 | |a Indígenas de América Central - |z Guatemala - |x Condiciones Sociales y Culturales | ||
| 650 | |a Grupos Sociales - |z Guatemala | ||
| 650 | |a Agricultura - |z Guatemala | ||
| 650 | |a Producción Económica - |z Guatemala | ||
| 650 | |a Economía - |z Guatemala | ||
| 650 | |a Organización Política - |z Guatemala | ||
| 650 | |a Religión - |z Guatemala | ||
| 650 | |a Negros en Guatemala | ||
| 650 | |a Etnografía - |z Guatemala | ||
| 650 | |a Antropología Cultural - |z Guatemala | ||
| 650 | |a Cultura - |z Guatemala - |x Historia | ||
| 910 | |a Fondo Salvador Reynoso Reynoso | ||
| 920 | |a Impresos - Libros | ||
| 930 | |a Fondos Especiales | ||
| 905 | |a 112 | ||
| 901 | |a 0800006344 |b IT2 |c ESP |u 20250521 | ||
| 902 | |a https://opac.biblio.iteso.mx/vufind/Record/000121819 | ||